| 000 | 00424 a2200157 4500 | ||
|---|---|---|---|
| 005 | 20250620150309.0 | ||
| 020 | _a0-669-09119-7 | ||
| 082 | _a330 GOR | ||
| 100 | _aGORDON, S. D. | ||
| 245 | _aIntroductory Economics. | ||
| 250 | _a6th Ed. | ||
| 260 |
_aToronto, _bD.C. Health and Company, _c1987. |
||
| 300 |
_axviii,490p.: ill.; figure, table, picture. _bGlossary & Index _c23cm |
||
| 700 | _aDAWSON, G. G. | ||
| 942 |
_2ddc _cBKS |
||
| 999 |
_c387 _d387 |
||